000
00295nam a22001097a 4500
999
_c
13442
_d
13442
082
_a
297.63
100
_a
مفتی محمّد نعیم
245
_a
ادیان باطلہ اور صراط مستقیم
260
_a
کراچی
_b
بیت الاشاعت
_c
2011
300
_a
608 pages
942
_c
BK